[Event "22nd Hogeschool Zeeland 2018"]
[Site "Vlissingen"]
[Date "2018.08.09"]
[Round "7"]
[White "Gonzales, Jayson"]
[Black "Van Foreest, Jorden"]
[Result "1-0"]
[WhiteElo "2383"]
[BlackElo "2636"]
[Annotator "TA"]
[PlyCount "79"]
[EventDate "2018.08.04"]
[EventType "swiss"]
[EventCountry "NED"]
[SourceTitle "playchess.com"]
[Source "ChessBase"]
[SourceQuality "1"]

{[%evp 13,79,16,33,0,0,-19,-22,-23,-12,-17,16,-11,-21,-32,-32,-19,-18,-45,-27,-45,-36,-39,-39,-41,-26,-31,-22,-28,-43,-37,-21,-16,0,0,126,127,127,127,128,127,207,212,203,208,182,188,212,176,172,168,181,188,207,207,187,179,163,174,272,249,361,326,383,379,411,326,682,675]} 1. Nf3 d5 2. c4 c6 3. g3 Bg4 4. Bg2 Nd7 5. cxd5 cxd5 6. O-O {A11: English Opening: 1...c6} e6 7. Nc3 Ne7 {LiveBook: 4 Games} (7... Ngf6 8. d3 Bc5 9. h3 Bh5 10. e4 dxe4 11. dxe4 O-O 12. Qe2 Bxf3 13. Bxf3 Ne5 14. Rd1 Qb6 15. Bg2 Bd4 16. Bd2 {0-1 (40) Wagner,D (2564)-Nakamura,H (2781) Douglas 2017}) 8. d3 {White is slightly better.} Nc6 9. h3 Bh5 10. e4 Bxf3 $146 ({Predecessor:} 10... dxe4 11. dxe4 Bc5 12. g4 Bg6 13. Qe2 O-O {0-1 (55) Aabling Thomsen,J (2344)-Andersen,M (2525) Helsingor 2016}) 11. Bxf3 dxe4 12. dxe4 Bc5 13. Bf4 O-O 14. Bg2 Nde5 15. Qh5 g6 16. Qh6 f6 17. Rad1 Qe7 {Threatens to win with ...Nf7.} 18. Bxe5 fxe5 19. h4 Rf6 20. Rd2 Raf8 21. Nd1 {[%cal Bc3d1,Bd1e3,Be3g4][%mdl 32]} Nd4 22. Kh1 Qf7 23. Ne3 {Hoping for Ng4.} Qc7 (23... Bb4 $11 {keeps the balance.} 24. Ng4 Bxd2 25. Qxd2 Qg7) 24. Ng4 $16 R6f7 25. Qg5 Bb4 26. Rd3 Bd6 (26... Rg7 $16) 27. Nh6+ $18 Kg7 28. Nxf7 Rxf7 29. h5 {[%cal Bh4h5,Bh5h6][%mdl 32]} Be7 30. h6+ Kg8 31. Qd2 Bf8 32. Rc1 Qd8 33. Bh3 {[%cal Bg2h3,Bh3g4,Bg4h5][%mdl 32]} Qf6 34. Kg2 g5 35. Bg4 Bxh6 (35... Qxh6 {was worth a try.} 36. Rxd4 exd4) 36. Rc8+ Bf8 (36... Rf8 {is a better defense.}) 37. Bh5 Re7 38. Qd1 Kg7 39. b4 Rd7 $2 {[#]} (39... h6 40. Rdc3 Kh7) 40. Rf3 $1 {[%mdl 512] Precision: White = 78%, Black = 59%.} 1-0

[Event "22nd Hogeschool Zeeland 2018"]
[Site "Vlissingen"]
[Date "2018.08.09"]
[Round "7"]
[White "Miciano, John Marvin"]
[Black "Pruijssers, Roeland"]
[Result "0-1"]
[WhiteElo "2381"]
[BlackElo "2506"]
[Annotator "TA"]
[PlyCount "106"]
[EventDate "2018.08.04"]
[EventType "swiss"]
[EventCountry "NED"]
[SourceTitle "playchess.com"]
[Source "ChessBase"]
[SourceQuality "1"]

{[%evp 19,106,-8,0,-21,0,0,0,0,0,0,0,-6,-16,-14,-10,-20,-28,-43,-9,-28,-23,-52,-20,-39,-45,-45,-27,-177,-189,-200,-197,-185,-196,-268,-281,-254,0,0,0,0,0,0,0,0,0,-68,-77,-71,-69,-170,-159,-196,-189,-199,-185,-207,-213,-213,-211,-211,-190,-211,-210,-206,-212,-289,-280,-279,-220,-208,-179,-464,-273,-501,-491,-460,-436,-1122,-1075,-889,-869,-4132,-4132,-1753,-1660,-1410,-1410,-772,-702]} 1. g3 d5 2. Bg2 Nf6 3. Nf3 e6 4. O-O Be7 5. d3 O-O 6. Nbd2 c5 7. e4 Nc6 8. Re1 b5 9. a4 b4 10. exd5 {C00: French: Unusual White 2nd moves} Nxd5 {LiveBook: 18 Games} 11. Nb3 Qc7 $146 ({Predecessor:} 11... Bb7 12. Nfd2 Rc8 13. Qg4 Nd4 14. Nxd4 cxd4 15. Nc4 Nf6 16. Qe2 Bxg2 17. Kxg2 {0-1 (52) D'Amore,C (2463)-Nielsen,P (2668) Gothenburg 2005}) 12. Qe2 {The position is equal.} Rd8 13. Bg5 Bb7 14. Bxe7 Qxe7 15. Qe4 Rac8 16. a5 Ba8 17. Rac1 Qf6 18. Rb1 Nce7 {[%cal Bc6e7,Be7f5,Bf5d4][%mdl 32]} 19. Qc4 Nf5 20. Nfd2 Nd4 21. Nxc5 e5 22. Rbc1 Qh6 23. Ndb3 (23. c3 $1 $11 bxc3 24. bxc3) 23... Nf4 $1 $19 {[%cal Rf4g2]} 24. Bxa8 Nfe2+ 25. Kg2 {aiming for Rxe2!} Nxc1 ({Weaker is} 25... Rxa8 26. Ra1 $11) 26. Bb7 (26. Nxc1 $142 Rxa8 27. c3 bxc3 28. bxc3 Qc6+ 29. Ne4 Qxc4 30. dxc4) 26... Ncxb3 27. cxb3 {[#]} Rc7 $2 (27... Qd6 $1 $19 28. Bxc8 Rxc8) 28. Rxe5 $11 Qd6 29. Rd5 Qe7 {Strongly threatening ...Rxd5.} 30. Rxd4 Rxd4 31. Qxd4 Rxc5 32. Qxb4 (32. a6 $1 $11) 32... Rc7 $36 {[%mdl 2048] White is under strong pressure.} 33. Qxe7 Rxe7 $17 {[%mdl 4096] Endgame KR-KB} 34. a6 {[#]} (34. Ba6 $15) 34... Rd7 $1 $19 35. Be4 Rd6 36. b4 Rxa6 37. Bd5 Rb6 38. Kf3 Rxb4 39. b3 Kf8 40. Bc4 Ke7 41. h4 Rb7 42. d4 Kd6 43. Ke3 Re7+ 44. Kd2 h5 45. f3 $2 (45. Bf1 {was called for.}) 45... g6 (45... a5 $142 46. f4 g6) 46. Kd3 $2 (46. b4 {was the only chance.}) 46... f6 {[%cal Bf7f6,Bf6f5,Bf5f4][%mdl 32] Black is clearly winning.} 47. Kd2 g5 48. Kd3 (48. b4 $142 gxh4 49. gxh4) 48... gxh4 49. gxh4 f5 50. b4 f4 51. Kd2 Re3 52. Bf7 Rxf3 53. Bxh5 Rb3 {Precision: White = 26%, Black = 79%.} 0-1

[Event "22nd Hogeschool Zeeland 2018"]
[Site "Vlissingen"]
[Date "2018.08.09"]
[Round "7"]
[White "Ravi, Teja S"]
[Black "Afek, Yochanan"]
[Result "1-0"]
[WhiteElo "2374"]
[BlackElo "2248"]
[Annotator "NA"]
[PlyCount "85"]
[EventDate "2018.08.04"]
[EventType "swiss"]
[EventCountry "NED"]
[SourceTitle "playchess.com"]
[Source "ChessBase"]
[SourceQuality "1"]
[TimeControl "40/5400+30:1800+30"]

1. d4 {[%emt 0:00:00]} Nf6 {[%emt 0:00:00]} 2. Nf3 {[%emt 0:00:03]} g6 {[%emt 0:00:24]} 3. Nc3 {[%emt 0:01:27]} d5 {[%emt 0:01:47]} 4. Bf4 {[%emt 0:00:13]} Bg7 {[%emt 0:02:04]} 5. e3 {[%emt 0:00:11]} O-O {[%emt 0:00:06]} 6. Be2 {[%emt 0:00:04]} c6 {[%emt 0:03:43]} 7. h4 {[%emt 0:02:10]} Bg4 {[%emt 0:01:10]} 8. Ne5 {[%emt 0:00:10]} Bxe2 {[%emt 0:00:22]} 9. Qxe2 {[%emt 0:00:05]} Qa5 {[%emt 0:09:05]} 10. h5 {[%emt 0:18:59]} Nxh5 {[%emt 0:07:38]} 11. O-O-O {[%emt 0:07:13]} Nxf4 {[%emt 0:01:19]} 12. exf4 {[%emt 0:00:27]} Qc7 {[%emt 0:07:45]} 13. f5 {[%emt 0:10:22]} Nd7 {[%emt 0:02:54]} 14. f4 {[%emt 0:01:25]} e6 {[%emt 0:11:34]} 15. g4 {[%emt 0:10:06]} exf5 {[%emt 0:02:00]} 16. gxf5 {[%emt 0:02:04]} Rfe8 {[%emt 0:00:30]} 17. Qh2 {[%emt 0:08:26]} Nf8 {[%emt 0:07:00]} 18. Rd3 {[%emt 0:07:26]} f6 {[%emt 0:04:58]} 19. Ng4 {[%emt 0:07:30]} Qd7 {[%emt 0:06:43]} 20. Ne3 {[%emt 0:09:09]} Re7 {[%emt 0:01:45]} 21. fxg6 {[%emt 0:03:16]} hxg6 {[%emt 0:01:13]} 22. f5 {[%emt 0:00:07]} Rae8 {[%emt 0:02:51]} 23. Qf2 {[%emt 0:01:32]} g5 {[%emt 0:03:20]} 24. Ng4 {[%emt 0:00:04]} Qd6 {[%emt 0:01:04]} 25. Rdh3 {[%emt 0:00:23]} Qf4+ {[%emt 0:01:33]} 26. Qxf4 {[%emt 0:00:06]} gxf4 {[%emt 0:00:02]} 27. Kd2 {[%emt 0:01:09]} b5 {[%emt 0:04:35]} 28. a3 {[%emt 0:00:25]} a5 {[%emt 0:00:08]} 29. b4 {[%emt 0:00:12]} a4 {[%emt 0:00:41]} 30. Nh6+ {[%emt 0:02:50]} Bxh6 {[%emt 0:00:18]} 31. Rxh6 {[%emt 0:00:04]} Rg7 {[%emt 0:02:20]} 32. Rxf6 {[%emt 0:01:50]} Rg2+ {[%emt 0:00:06]} 33. Kd1 {[%emt 0:00:31]} f3 {[%emt 0:00:34]} 34. Rf1 {[%emt 0:02:50]} Ree2 {[%emt 0:09:06]} 35. Rxf3 {[%emt 0:00:04]} Rd2+ {[%emt 0:00:05]} 36. Ke1 {[%emt 0:00:07]} Rxc2 {[%emt 0:00:12]} 37. Kf1 {[%emt 0:00:08]} Rgd2 {[%emt 0:03:31]} 38. Rg3+ {[%emt 0:00:24]} Kh7 {[%emt 0:00:01]} 39. Ne2 {[%emt 0:01:53]} Rxe2 {[%emt 0:01:53]} 40. Rf7+ {[%emt 0:00:05]} Kh8 {[%emt 0:00:45]} 41. Rxf8+ {[%emt 0:30:12]} Kh7 {[%emt 0:30:00]} 42. Rf7+ {[%emt 0:02:39]} Kh8 {[%emt 0:00:05]} 43. f6 {[%emt 0:01:15]} 1-0

[Event "22nd Hogeschool Zeeland 2018"]
[Site "Vlissingen"]
[Date "2018.08.09"]
[Round "7"]
[White "Van der Lende, Ilias"]
[Black "De Boer, Bas"]
[Result "1-0"]
[WhiteElo "2347"]
[BlackElo "2129"]
[Annotator "NA"]
[PlyCount "59"]
[EventDate "2018.08.04"]
[EventType "swiss"]
[EventCountry "NED"]
[SourceTitle "playchess.com"]
[Source "ChessBase"]
[SourceQuality "1"]
[TimeControl "40/5400+30:1800+30"]

1. e4 {[%emt 0:03:33]} c5 {[%emt 0:00:00]} 2. c3 {[%emt 0:00:04]} d5 {[%emt 0:00:00]} 3. exd5 {[%emt 0:00:05]} Qxd5 {[%emt 0:00:01]} 4. d4 {[%emt 0:00:03]} e6 {[%emt 0:01:20]} 5. Nf3 {[%emt 0:00:12]} Nf6 {[%emt 0:00:10]} 6. Be3 {[%emt 0:00:04]} cxd4 {[%emt 0:00:55]} 7. cxd4 {[%emt 0:00:04]} Be7 {[%emt 0:01:32]} 8. Nc3 {[%emt 0:00:05]} Qd8 {[%emt 0:00:07]} 9. Bd3 {[%emt 0:00:07]} O-O {[%emt 0:02:03]} 10. O-O {[%emt 0:00:46]} b6 {[%emt 0:01:03]} 11. Qe2 {[%emt 0:03:24]} Bb7 {[%emt 0:00:48]} 12. Rad1 {[%emt 0:00:20]} Nbd7 {[%emt 0:03:49]} 13. Rfe1 {[%emt 0:06:44]} Nd5 {[%emt 0:02:22]} 14. Bd2 {[%emt 0:02:51]} N7f6 {[%emt 0:00:33]} 15. Ne5 {[%emt 0:01:34]} Rc8 {[%emt 0:09:36]} 16. Ne4 {[%emt 0:01:07]} Bb4 {[%emt 0:06:32]} 17. Nxf6+ {[%emt 0:02:58]} Qxf6 {[%emt 0:05:55]} 18. Nd7 {[%emt 0:01:27]} Qxd4 {[%emt 0:00:07]} 19. Nxf8 {[%emt 0:14:33]} Bxf8 {[%emt 0:00:30]} 20. Bg5 {[%emt 0:05:53]} Qa4 {[%emt 0:05:37]} 21. Bb5 {[%emt 0:07:08]} Qxa2 {[%emt 0:06:12]} 22. Ra1 {[%emt 0:00:57]} Qb3 {[%emt 0:01:02]} 23. Rxa7 {[%emt 0:00:03]} Rc2 {[%emt 0:03:36]} 24. Qf1 {[%emt 0:03:03]} Rc7 {[%emt 0:08:33]} 25. Bd8 {[%emt 0:08:17]} Rc8 {[%emt 0:01:12]} 26. Bxb6 {[%emt 0:00:26]} Ba8 {[%emt 0:02:25]} 27. Be3 {[%emt 0:07:44]} Bb4 {[%emt 0:08:35]} 28. Rc1 {[%emt 0:07:05]} Rf8 {[%emt 0:00:36]} 29. Bd4 {[%emt 0:07:56]} Bd2 {[%emt 0:01:51]} 30. Rca1 {[%emt 0:01:23]} 1-0

[Event "22nd Hogeschool Zeeland 2018"]
[Site "Vlissingen"]
[Date "2018.08.09"]
[Round "7"]
[White "De Jong, Migchiel"]
[Black "Oosterom, Erik"]
[Result "1-0"]
[WhiteElo "2339"]
[BlackElo "2113"]
[Annotator "NA"]
[PlyCount "75"]
[EventDate "2018.08.04"]
[EventType "swiss"]
[EventCountry "NED"]
[SourceTitle "playchess.com"]
[Source "ChessBase"]
[SourceQuality "1"]
[TimeControl "40/5400+30:1800+30"]

1. e4 {[%emt 0:00:00]} c6 {[%emt 0:00:00]} 2. d4 {[%emt 0:00:14]} d5 {[%emt 0:00:07]} 3. Nd2 {[%emt 0:01:00]} dxe4 {[%emt 0:00:07]} 4. Nxe4 {[%emt 0:00:06]} Bf5 {[%emt 0:00:12]} 5. Ng3 {[%emt 0:00:27]} Bg6 {[%emt 0:00:08]} 6. Nh3 {[%emt 0:01:19]} e6 {[%emt 0:00:25]} 7. Nf4 {[%emt 0:00:32]} Bd6 {[%emt 0:00:38]} 8. c3 {[%emt 0:00:20]} Nf6 {[%emt 0:00:33]} 9. h4 {[%emt 0:00:35]} Qc7 {[%emt 0:01:12]} 10. Qf3 {[%emt 0:00:23]} Nbd7 {[%emt 0:01:36]} 11. h5 {[%emt 0:00:31]} Bc2 {[%emt 0:00:22]} 12. h6 {[%emt 0:00:34]} g6 {[%emt 0:00:16]} 13. Bd3 {[%emt 0:02:08]} Bxd3 {[%emt 0:00:14]} 14. Nxd3 {[%emt 0:00:08]} Qa5 {[%emt 0:16:18]} 15. Bf4 {[%emt 0:01:05]} Bxf4 {[%emt 0:01:14]} 16. Qxf4 {[%emt 0:00:23]} O-O-O {[%emt 0:11:50]} 17. O-O {[%emt 0:02:35]} g5 {[%emt 0:01:56]} 18. Qe3 {[%emt 0:01:58]} Rhg8 {[%emt 0:05:12]} 19. c4 {[%emt 0:04:01]} Ng4 {[%emt 0:04:56]} 20. Qe2 {[%emt 0:06:58]} Ndf6 {[%emt 0:02:16]} 21. Ne5 {[%emt 0:03:33]} Nxe5 {[%emt 0:05:19]} 22. dxe5 {[%emt 0:00:06]} Nd7 {[%emt 0:00:15]} 23. Rfe1 {[%emt 0:00:58]} Nc5 {[%emt 0:13:18]} 24. Ne4 {[%emt 0:03:01]} Nxe4 {[%emt 0:00:55]} 25. Qxe4 {[%emt 0:00:33]} Rg6 {[%emt 0:00:23]} 26. Qf3 {[%emt 0:06:24]} Qc7 {[%emt 0:03:29]} 27. Rad1 {[%emt 0:01:08]} Rxd1 {[%emt 0:00:20]} 28. Rxd1 {[%emt 0:00:14]} g4 {[%emt 0:06:23]} 29. Qa3 {[%emt 0:01:39]} Rg8 {[%emt 0:03:53]} 30. Rd6 {[%emt 0:00:27]} a6 {[%emt 0:05:01]} 31. Qd3 {[%emt 0:01:01]} Rg6 {[%emt 0:00:35]} 32. Qe3 {[%emt 0:01:54]} Qa5 {[%emt 0:01:16]} 33. Rd1 {[%emt 0:01:13]} g3 {[%emt 0:01:32]} 34. Qa7 {[%emt 0:01:39]} gxf2+ {[%emt 0:00:41]} 35. Kf1 {[%emt 0:00:06]} Qe1+ {[%emt 0:06:41]} 36. Rxe1 {[%emt 0:00:06]} fxe1=Q+ {[%emt 0:00:10]} 37. Kxe1 {[%emt 0:00:05]} Rxh6 {[%emt 0:00:20]} 38. Qc5 {[%emt 0:00:56]} 1-0

[Event "22nd Hogeschool Zeeland 2018"]
[Site "Vlissingen"]
[Date "2018.08.09"]
[Round "7"]
[White "Rijnaarts, Sjef"]
[Black "Romanishin, Oleg M"]
[Result "1/2-1/2"]
[WhiteElo "2339"]
[BlackElo "2441"]
[Annotator "TA"]
[PlyCount "126"]
[EventDate "2018.08.04"]
[EventType "swiss"]
[EventCountry "NED"]
[SourceTitle "playchess.com"]
[Source "ChessBase"]
[SourceQuality "1"]

{[%evp 25,126,35,54,38,39,41,63,64,56,63,67,47,39,39,47,16,16,16,27,27,30,36,25,33,28,0,10,-6,5,-36,-22,-33,-33,-17,-10,-25,0,-16,86,88,101,91,103,102,100,103,69,9,8,0,0,0,0,0,0,0,0,0,0,0,0,0,0,0,0,0,0,0,0,0,0,0,0,0,0,0,0,-29,-29,-29,-29,-29,-29,-29,0,0,0,0,0,0,0,0,0,0,0,0,0,0,0,0,0,0,0]} 1. e4 e5 2. Nf3 Nc6 3. Bb5 a6 4. Ba4 Nf6 5. O-O Be7 6. Re1 d6 7. c3 Bg4 8. d3 O-O 9. h3 Bh5 10. Nbd2 Nd7 11. Nf1 {C87: Closed Ruy Lopez: Steinitz-type lines after 6 Re1 d6} (11. Bc2 Nb6 12. Nf1 d5 13. Ng3 Bg6 14. Qe2 Re8 15. Be3 Qd6 16. Bxb6 cxb6 17. h4 h6 18. Bb3 d4 19. cxd4 Nxd4 20. Nxd4 Qxd4 {1-0 (45) So,W (2786)-Onischuk,A (2672) Saint Louis 2018}) 11... Nc5 12. Bc2 {[%cal Ba4c2,Bc2b3,Bb3a2,Ba2b1,Bb1d3][%mdl 32]} Ne6 13. Ng3 Bg6 {LiveBook: 6 Games} 14. a3 a5 $146 ({Predecessor:} 14... h5 15. d4 Ng5 16. d5 Nb8 17. Nxg5 Bxg5 18. Nxh5 Bxc1 19. Rxc1 {1-0 (39) Tejaswini,S (1873)-Jovic,S (2160) Novi Sad 2016}) 15. Bb3 Nc5 {[%cal Be6c5,Bc5d7,Bd7b6,Bb6c4][%mdl 32]} 16. Ba2 a4 17. d4 Nd7 18. d5 Ncb8 $1 19. Be3 Nb6 20. Bb1 Nc4 21. Bc1 Nd7 22. Bd3 Ndb6 23. Qe2 Na5 24. Be3 c6 25. dxc6 bxc6 26. Rad1 Rb8 27. Nh2 Bg5 28. Ng4 h5 29. Bxg5 Qxg5 30. Ne3 h4 31. Ngf5 Bh5 (31... Rfd8 $11) 32. f3 $16 d5 33. Qf2 dxe4 34. Bxe4 Nbc4 35. Nxc4 Nxc4 36. Re2 (36. Qxh4 $14 Qxh4 37. Nxh4) 36... Bg6 $36 {[%mdl 2048] Black is more active.} 37. Nxh4 Bxe4 38. fxe4 Nxb2 39. Rxb2 Rxb2 40. Qxb2 {[#] Strongly threatening Nf5.} Qxh4 {[%mdl 4096] Endgame KQR-KQR} 41. Qc2 Qe7 42. Qxa4 Qc5+ 43. Kh2 Qxc3 44. Qa6 Qc2 45. Qd3 Qxd3 46. Rxd3 {KR-KR} Ra8 47. Rc3 Ra4 48. Rxc6 Rxa3 49. Rc5 f6 50. Rc4 Kf7 51. g3 Ra2+ 52. Kg1 Kg6 53. Rc3 Kg5 54. Re3 g6 55. Kh1 {The position is equal.} Ra5 56. Kg2 f5 57. Kf3 Rb5 58. Ra3 Rb4 59. exf5 e4+ 60. Kf2 {aiming for fxg6.} gxf5 61. Ke3 Rb2 62. Ra8 Rb3+ 63. Kf2 Rb2+ {Precision: White = 65%, Black = 67%.} 1/2-1/2

[Event "22nd Hogeschool Zeeland 2018"]
[Site "Vlissingen"]
[Date "2018.08.09"]
[Round "7"]
[White "Lefebvre, Herve"]
[Black "Kalisvaart, Peter"]
[Result "1/2-1/2"]
[WhiteElo "2304"]
[BlackElo "2090"]
[Annotator "NA"]
[PlyCount "56"]
[EventDate "2018.08.04"]
[EventType "swiss"]
[EventCountry "NED"]
[SourceTitle "playchess.com"]
[Source "ChessBase"]
[SourceQuality "1"]
[TimeControl "40/5400+30:1800+30"]

1. e4 {[%emt 0:00:00]} e5 {[%emt 0:00:00]} 2. Nf3 {[%emt 0:00:00]} Nc6 {[%emt 0:00:00]} 3. Bb5 {[%emt 0:00:00]} Nd4 {[%emt 0:00:00]} 4. Nxd4 {[%emt 0:01:11]} exd4 {[%emt 0:00:00]} 5. O-O {[%emt 0:00:06]} c6 {[%emt 0:00:03]} 6. Bc4 {[%emt 0:00:49]} Nf6 {[%emt 0:00:10]} 7. Re1 {[%emt 0:00:53]} Bc5 {[%emt 0:01:42]} 8. b4 {[%emt 0:05:58]} Bxb4 {[%emt 0:01:49]} 9. c3 {[%emt 0:01:05]} Bc5 {[%emt 0:14:13]} 10. e5 {[%emt 0:02:17]} Nd5 {[%emt 0:01:44]} 11. Qg4 {[%emt 0:09:37]} O-O {[%emt 0:02:35]} 12. cxd4 {[%emt 0:00:10]} d6 {[%emt 0:11:49]} 13. Qe4 {[%emt 0:08:19]} Bb4 {[%emt 0:06:26]} 14. Bxd5 {[%emt 0:16:10]} cxd5 {[%emt 0:00:05]} 15. Qf4 {[%emt 0:05:27]} Be6 {[%emt 0:11:44]} 16. Nc3 {[%emt 0:05:53]} dxe5 {[%emt 0:05:00]} 17. dxe5 {[%emt 0:00:28]} Bxc3 {[%emt 0:02:42]} 18. dxc3 {[%emt 0:00:06]} Rc8 {[%emt 0:00:08]} 19. Qg3 {[%emt 0:01:24]} Kh8 {[%emt 0:00:46]} 20. Rb1 {[%emt 0:04:03]} Qa5 {[%emt 0:07:28]} 21. Bg5 {[%emt 0:09:25]} Rxc3 {[%emt 0:10:21]} 22. Qh4 {[%emt 0:00:11]} Rc4 {[%emt 0:00:22]} 23. f4 {[%emt 0:00:14]} Qc7 {[%emt 0:06:15]} 24. h3 {[%emt 0:00:48]} Rc2 {[%emt 0:00:30]} 25. Rb3 {[%emt 0:04:03]} Rc3 {[%emt 0:03:11]} 26. Kh2 {[%emt 0:05:06]} d4 {[%emt 0:02:22]} 27. Rb4 {[%emt 0:02:52]} Rc4 {[%emt 0:01:27]} 28. Rb3 {[%emt 0:00:20]} Rc3 {[%emt 0:11:08]} 1/2-1/2

[Event "22nd Hogeschool Zeeland 2018"]
[Site "Vlissingen"]
[Date "2018.08.09"]
[Round "7"]
[White "Frayna, Janelle Mae"]
[Black "Van Delft, Merijn"]
[Result "1-0"]
[WhiteElo "2278"]
[BlackElo "2395"]
[Annotator "NA"]
[PlyCount "59"]
[EventDate "2018.08.04"]
[EventType "swiss"]
[EventCountry "NED"]
[SourceTitle "playchess.com"]
[Source "ChessBase"]
[SourceQuality "1"]
[TimeControl "40/5400+30:1800+30"]

1. Nf3 {[%emt 0:00:00]} d5 {[%emt 0:00:00]} 2. c4 {[%emt 0:00:13]} c6 {[%emt 0:00:00]} 3. e3 {[%emt 0:00:02]} Nf6 {[%emt 0:00:16]} 4. Nc3 {[%emt 0:00:13]} e6 {[%emt 0:00:30]} 5. b3 {[%emt 0:00:11]} Bd6 {[%emt 0:00:33]} 6. Qc2 {[%emt 0:02:21]} O-O {[%emt 0:00:27]} 7. Bb2 {[%emt 0:00:07]} c5 {[%emt 0:01:06]} 8. cxd5 {[%emt 0:09:32]} exd5 {[%emt 0:02:36]} 9. d4 {[%emt 0:03:03]} Nc6 {[%emt 0:06:55]} 10. dxc5 {[%emt 0:04:05]} Bxc5 {[%emt 0:02:22]} 11. Be2 {[%emt 0:03:14]} Bg4 {[%emt 0:04:49]} 12. O-O {[%emt 0:00:37]} Qe7 {[%emt 0:07:40]} 13. Rac1 {[%emt 0:11:16]} Rad8 {[%emt 0:03:26]} 14. Na4 {[%emt 0:14:23]} Bd6 {[%emt 0:02:55]} 15. Ng5 {[%emt 0:09:02]} d4 {[%emt 0:17:00]} 16. Bxg4 {[%emt 0:04:18]} Bxh2+ {[%emt 0:21:38]} 17. Kh1 {[%emt 0:00:19]} h6 {[%emt 0:09:26]} 18. Bf3 {[%emt 0:02:38]} Nb4 {[%emt 0:02:26]} 19. Qf5 {[%emt 0:04:03]} g6 {[%emt 0:03:23]} 20. Qh3 {[%emt 0:00:55]} hxg5 {[%emt 0:00:24]} 21. Qxh2 {[%emt 0:04:09]} Kg7 {[%emt 0:05:16]} 22. Qc7 {[%emt 0:02:16]} Rh8+ {[%emt 0:04:55]} 23. Kg1 {[%emt 0:00:00]} Qe6 {[%emt 0:01:14]} 24. Bxd4 {[%emt 0:02:52]} Rxd4 {[%emt 0:00:13]} 25. exd4 {[%emt 0:01:01]} g4 {[%emt 0:01:53]} 26. Bxb7 {[%emt 0:04:43]} Nd3 {[%emt 0:00:58]} 27. Nc5 {[%emt 0:17:57]} Qf5 {[%emt 0:00:02]} 28. Rce1 {[%emt 0:00:00]} Nxe1 {[%emt 0:00:55]} 29. Rxe1 {[%emt 0:00:00]} g5 {[%emt 0:00:36]} 30. g3 {[%emt 0:00:00]} 1-0

[Event "22nd Hogeschool Zeeland 2018"]
[Site "Vlissingen"]
[Date "2018.08.09"]
[Round "7"]
[White "IJzermans, Cees"]
[Black "Admiraal, Miguoel"]
[Result "1/2-1/2"]
[WhiteElo "2142"]
[BlackElo "2479"]
[Annotator "TA"]
[PlyCount "107"]
[EventDate "2018.08.04"]
[EventType "swiss"]
[EventCountry "NED"]
[SourceTitle "playchess.com"]
[Source "ChessBase"]
[SourceQuality "1"]

{[%evp 19,107,-13,-12,-25,-12,-11,-12,-12,-9,-11,-6,-6,-4,-4,-6,-5,-9,-12,-6,-13,-19,-19,-20,-110,-110,-123,-120,-143,-82,-98,-42,-152,-166,-160,0,0,0,0,0,0,0,0,0,0,0,0,0,0,0,0,0,0,0,0,0,0,0,0,0,0,0,0,0,0,0,0,0,0,0,0,0,0,0,0,0,0,0,0,0,0,0,0,0,0,0,0,8,0,0,0]} 1. d4 Nf6 2. c4 e6 3. Nf3 d5 4. Nc3 c6 5. e3 Nbd7 6. Bd3 dxc4 7. Bxc4 b5 8. Be2 Bb7 9. O-O a6 10. Bd2 {D47: Damengambit (Meraner Variante)} c5 {LiveBook: 3 Partien} 11. dxc5 (11. Rc1 Rc8 12. dxc5 Bxc5 13. b4 Bd6 14. a4 bxa4 15. Nxa4 O-O 16. Rxc8 Qxc8 17. Bc3 {½-½ (58) Fedoseev,V (2731)-Grachev,B (2654) Sochi 2017}) 11... Bxc5 12. b4 Bd6 $146 ({Vorgänger:} 12... Bxb4 13. Nxb5 Be7 14. Nbd4 O-O 15. Qa4 Nc5 16. Qa5 Bd5 17. Rfc1 Qxa5 18. Bxa5 {½-½ (55) Epishin,V (2536)-Espinosa Aranda,A (2453) Roquetas de Mar 2018}) 13. a4 bxa4 14. b5 O-O {Schwarz will ...a3 spielen.} 15. bxa6 Bxa6 16. Bxa6 Rxa6 17. Rxa4 Rxa4 18. Qxa4 Ne5 {Droht ...Sxf3+.} 19. Nxe5 Bxe5 20. Nb1 Qd3 $36 {[%mdl 2048] Weiss muss nun ...Lxh2+! beachten. Schwarz hat Druck.} 21. Qd1 (21. Rc1 $11) 21... Rd8 $17 {...Se4 ist eine echte Drohung.} 22. Qc1 h6 23. Ba5 Rb8 (23... Ra8 $142 24. Bb4 Rb8) 24. Rd1 Qf5 (24... Qe2 $17 25. Qd2 Qh5) 25. Rd8+ (25. Be1 $1 $15) 25... Rxd8 26. Bxd8 {[#]} Bxh2+ $2 ({Besser ist} 26... Ng4 $1 $17 27. f4 {[#]} Nxe3 $1 {[%mdl 512]} 28. fxe5 Qe4) 27. Kxh2 $11 {Und Kg1 würde nun gewinnen.Die Stellung ist ausgeglichen.} Ng4+ 28. Kg3 $1 {Und weiter mit f3 wäre nett.} Qxf2+ 29. Kxg4 {zielt auf Kh3 ab.} Qxg2+ 30. Kf4 Qf2+ 31. Kg4 Qg2+ 32. Kf4 g5+ 33. Bxg5 $1 hxg5+ 34. Ke5 Qd5+ 35. Kf6 Qd8+ 36. Ke5 Qd5+ 37. Kf6 Qd8+ 38. Ke5 Kg7 {[%csl Ge6][%cal Rd8d5]} 39. Nc3 Qd3 40. e4 Kg6 41. Qe1 g4 42. Nd1 Qf3 43. Kd4 g3 44. Ne3 f6 45. Qd2 Qf4 46. Kd3 f5 47. exf5+ exf5 48. Qg2 Kg5 49. Ke2 Qe5 50. Qc6 Qb2+ 51. Qc2 Qb5+ 52. Kf3 f4 53. Qe4 fxe3 54. Qxe3+ {Precision: Weiß = 73%, Schwarz = 75%.} 1/2-1/2